00405cam a2200157ua 45000010005000000080039000050400009000440820013000531000028000662450050000942500009001442600037001533000014001906530019002046530024002232690110908n ii |||gr||||Z||||||asm cMAIN a891.4512 aBezbaruah, Lakshminath,11aChakradhavaj Sinshacby Lakshminath Bezbaruah a1st. aGuahati:bSahitya prakashan,974. a119p:5cm. aAssamese drama aChakradhavaj sinsha